00812pam a2200217 i 4500001001300000005001700013008004100030010001700071020001500088035001700103040000800120082000600128100002300134245004300157260003900200300003300239490004000272520022400312650003500536700002300571B-265082-08719800908000000.0791105s1980 nyua j 000 1 eng  aB-265082-087 a0448436981 aB-265082-087 aDPL aS aDixon, Franklin W. aThe Pentagon spy /cFranklin W. Dixon  aNew York :bGrosset & Dunlapc2005 a182 p. :bill. ;c20 cm (Hb) aThe Hardy boys mystery stories ; 61 aValuable antique weathervanes are being stolen in the Pennsylvania Dutch country. A Navy employee removes a top secret document from the Pentagon. The Hardy brothers try to solve these two seemingly unrelated mysteries. aMystery and detective stories. aMorrill, Leslie H.